LEADER 01395nam2-2200457---450- 001 990000539090203316 005 20060227115542.0 010 $a88-18-16001-X 035 $a0053909 035 $aUSA010053909 035 $a(ALEPH)000053909USA01 035 $a0053909 100 $a20010703d1985----km-y0itay0103----ba 101 $aita 102 $aIT 105 $a||||||||001yy 200 1 $aLibri 14.-17.$fDiodoro Siculo$ga cura di Teresa Alfieri Tonini 210 $aMilano$cRusconi$d1985 215 $a681 p.$ctav.$d24 cm 312 $aBibliothekes historikes 410 $12001 454 $12001$aBibliothekes historikes$922084 461 $10010053908$12001$aBiblioteca storica 676 $a888 700 1$aDIODORUS :$cSiculus$0204784 702 1$aALFIERI TONINI,$bTeresa 801 0$aIT$bsalbc$gISBD 900 0$aDIODERE : de Sicile 912 $a990000539090203316 951 $aV.1.A. 517(X A COLL. 77/VIII 3)$b104651 LM$cVIII A 959 $aBK 969 $aUMA 979 $aPATTY$b90$c20010703$lUSA01$h1214 979 $aPATTY$b90$c20010703$lUSA01$h1216 979 $aPATTY$b90$c20010907$lUSA01$h1057 979 $c20020403$lUSA01$h1703 979 $aPATRY$b90$c20040406$lUSA01$h1637 979 $aCOPAT5$b90$c20060227$lUSA01$h1155 979 $aANNAMARIA$b90$c20121127$lUSA01$h0853 996 $aBiblioth?k?s historik?s$922084 997 $aUNISA LEADER 01270nam a2200313 i 4500 001 991000994369707536 005 20020507104859.0 008 970307s1965 at ||| | eng 035 $ab10158650-39ule_inst 035 $aLE00640333$9ExL 040 $aDip.to Fisica$bita 084 $a53(082.2) 084 $a53.3 084 $a53.3.11 084 $a53.3.13 084 $a539.12 111 2 $aSeminar on high-energy physics$0462309 245 10$aHigh-energy physics and elementary particles :$blectures presented at the Seminar on high-energy physics organized by and held at the ICTP, Trieste, from 3 May to 30 June 1965 /$cAbdus Salam (dir.) 260 $aVienna :$bIAEA,$c1965 300 $a1006 p. :$bill. ;$c24 cm. 650 4$aHigh energy physics$xCongresses 700 1 $aSalam, Abdus$eauthor$4http://id.loc.gov/vocabulary/relators/aut$0346725 710 2 $aInternational Centre for Theoretical Physics 907 $a.b10158650$b21-09-06$c27-06-02 912 $a991000994369707536 945 $aLE006 53.3(042+082.2) ICT$g1$i2006000047289$lle006$o-$pE0.00$q-$rl$s- $t0$u0$v0$w0$x0$y.i10192529$z27-06-02 996 $aHigh-energy physics and elementary particles$91444864 997 $aUNISALENTO 998 $ale006$b01-01-97$cm$da $e-$feng$gat $h0$i1